[Event "SVK-ch U16"]
[Site "Tatralandia"]
[Date "2024.04.05"]
[Round "1"]
[White "Benci, Jozef1"]
[Black "Hozlar, Michal"]
[Result "1-0"]
[WhiteElo "2040"]
[BlackElo "1696"]
[PlyCount "71"]
[EventDate "2024.04.05"]
[EventType "swiss"]
[EventRounds "9"]
[EventCountry "SVK"]
[SourceTitle "CB16_2024"]
[SourceDate "2024.04.17"]
[SourceVersion "1"]
[SourceVersionDate "2024.04.17"]
[SourceQuality "1"]

1. e4 c5 2. Nf3 Nc6 3. d4 cxd4 4. Nxd4 Nf6 5. Nc3 e5 6. Ndb5 d6 7. Bg5 a6 8. Na3 b5 9. Nd5 Be7 10. Bxf6 Bxf6 11. c3 0-0 12. Nc2 Bg5 13. Bd3 Ne7 14. Nce3 Be6 15. Bc2 g6 16. Bb3 Kh8 17. 0-0 f5 18. exf5 gxf5 19. Nxe7 Qxe7 20. Bxe6 Qxe6 21. Qd5 Qxd5 22. Nxd5 Rac8 23. Rfd1 Rfd8 24. a4 Ra8 25. axb5 axb5 26. Rxa8 Rxa8 27. Nc7 Ra2 28. Nxb5 Rxb2 29. Nxd6 Rd2 30. Rxd2 Bxd2 31. c4 f4 32. c5 Ba5 33. c6 e4 34. Nb5 e3 35. fxe3 fxe3 36. Kf1 1-0

[Event "Bratislava exe op"]
[Site "Bratislava"]
[Date "2023.09.19"]
[Round "5"]
[White "Chlebo, Miroslav"]
[Black "Hozlar, Michal"]
[Result "0-1"]
[WhiteElo "1544"]
[BlackElo "1367"]
[PlyCount "62"]
[EventDate "2023.09.15"]
[EventType "swiss"]
[EventRounds "9"]
[EventCountry "SVK"]
[SourceTitle "EXT 2024"]
[Source "ChessBase"]
[SourceDate "2023.10.10"]
[SourceVersion "1"]
[SourceVersionDate "2023.10.10"]
[SourceQuality "1"]

1. e4 c5 2. c4 Nc6 3. Nc3 Nf6 4. d3 e6 5. Nf3 d6 6. h3 a6 7. Be3 d5 8. exd5 exd5 9. Qe2 Be6 10. cxd5 Nxd5 11. Bd2 Ndb4 12. 0-0-0 Be7 13. Kb1 0-0 14. g4 Bf6 15. a3 Bxc3 16. bxc3 Nd5 17. c4 Qb6+ 18. Ka2 Rfe8 19. Rb1 Qc7 20. Qd1 Nf4 21. Bc3 b5 22. Ba1 b4 23. Nd2 Ng6 24. axb4 Nxb4+ 25. Kb2 Qf4 26. Kc1 Rab8 27. Bc3 Nc6 28. f3 Rxb1+ 29. Kxb1 Nge5 30. Be2 h6 31. Rh2 Qe3 0-1